| 000 | 02548nam a2200361 i 4500 | ||
|---|---|---|---|
| 001 | 193234 | ||
| 003 | SpMaBN | ||
| 005 | 20250804062654.0 | ||
| 007 | ta | ||
| 008 | 170531s2017 sp 000 f spa | ||
| 017 |
_aM 9325-2017 _bOficina Depósito Legal Madrid |
||
| 020 | _a9788491047513 | ||
| 035 | _aa5972368 | ||
| 040 |
_aSpMaBN _bspa _cSpMaBN _erdc |
||
| 080 | _a821.112-31"20" | ||
| 100 | 1 |
_aWinkler, Philipp, _d1986- _4aut _0XX5747830 _9234351 _eaut |
|
| 245 | 1 | 0 |
_aHooligan : _cPhilipp Winkler ; traducido del alemán por Carlos Fortea |
| 260 |
_aMadrid : _bAdN Alianza de Novelas, _c[2017] |
||
| 300 |
_a297 páginas ; _c22 cm |
||
| 336 |
_aTexto (visual) _2isbdcontent |
||
| 337 |
_asin mediación _2isbdmedia |
||
| 338 |
_2rdacarrier _avolumen |
||
| 520 | _aToda persona tiene dos familias. Aquella en la que nace, y aquella por la que opta. " Hooligan " es la historia de Heiko Kolbe y quienes considera sus hermanos de sangre, hinchas de fútbol de la ciudad de Hannover. La madre de Heiko abandonó la familia cuando él era un niño; su padre es alcohólico y convive desde hace unos años con una mujer que trajo de Tailandia después de unas vacaciones. Heiko dejó el instituto en el último año y no tiene el título de bachillerato. Trabaja en el gimnasio de su tío paterno, Alex, líder de una banda que se encarga de organizar peleas con grupos de " hooligans " de otras ciudades vecinas. Combates organizados en lugares concretos, a determinadas horas y con reglas estrictas, que Heiko vive casi como enfrentamientos deportivos. Philipp Winkler nos habla, por un lado, de la violencia, el fanatismo y la necesidad de aceptación y pertenencia a un grupo, pero también del corazón de un chico duro que pelea para proteger lo que para él es sagrado. La prosa de Winkler se adueña del lector y le transporta a un mundo extraño dentro del nuestro. Y con " Hooligan " , se inserta en una gran tradición literaria: dar voz a los que no la tienen. | ||
| 655 | 0 |
_aNovelas _9234319 |
|
| 700 | 1 |
_aFortea, Carlos, _d1963- _4trl _etrl _951844 |
|
| 852 |
_aES-MaACL _bR. 154633 _cDEPOJ _9200657 _hDonación: Carlos Fortea _jN-9402 _xEncuadernación rústica con solapas |
||
| 903 |
_aFortea, Carlos, _d1963- _ednr _951844 |
||
| 942 |
_n0 _cMONOGRAFIA |
||
| 999 |
_c193234 _d193234 |
||